[Event "Kaluga Tsiolkovsky Memorial op"]
[Site "Kaluga"]
[Date "2016.08.13"]
[Round "7"]
[White "Belov, Vitaly"]
[Black "Fedorovskii, Aleksandr"]
[Result "1-0"]
[WhiteElo "1655"]
[BlackElo "1295"]
[PlyCount "39"]
[EventDate "2016.08.06"]
[EventType "swiss"]
[EventRounds "9"]
[EventCountry "RUS"]
[SourceTitle "CBM 174 Extra"]
[Source "ChessBase"]
[SourceDate "2016.10.10"]
[SourceVersion "1"]
[SourceVersionDate "2016.10.10"]
[SourceQuality "1"]

1. e4 c6 2. d4 d5 3. exd5 cxd5 4. Bd3 Nf6 5. Bf4 Nc6 6. c3 e6 7. Nf3 Be7 8. h3 h6 9. 0-0 0-0 10. Nbd2 b6 11. Re1 Bb7 12. Ne5 Qc8 13. Ndf3 Na5 14. Qe2 a6 15. Bc2 b5 16. Qd3 Ne4 17. Nd2 f5 18. Ng6 Rf7 19. f3 Bg5 20. fxe4 1-0

[Event "Kaluga Tsiolkovsky Memorial op"]
[Site "Kaluga"]
[Date "2016.08.08"]
[Round "3"]
[White "Belov, Vitaly"]
[Black "Mukhtarov, Firgan"]
[Result "0-1"]
[WhiteElo "1655"]
[BlackElo "1082"]
[PlyCount "66"]
[EventDate "2016.08.06"]
[EventType "swiss"]
[EventRounds "9"]
[EventCountry "RUS"]
[SourceTitle "CBM 174 Extra"]
[Source "ChessBase"]
[SourceDate "2016.10.10"]
[SourceVersion "1"]
[SourceVersionDate "2016.10.10"]
[SourceQuality "1"]

1. e4 c5 2. Nf3 Nc6 3. d4 cxd4 4. Nxd4 e5 5. Nb5 d6 6. c4 a6 7. N5a3 Nf6 8. Nc3 Qa5 9. Bd2 Qd8 10. Nc2 Be7 11. Bd3 0-0 12. 0-0 Bg4 13. f3 Bd7 14. Be3 Rc8 15. Nd5 Nxd5 16. cxd5 Nd4 17. Nxd4 exd4 18. Bxd4 Bh4 19. Qd2 Qg5 20. Be3 Qe7 21. Rac1 Rxc1 22. Rxc1 f5 23. Rc7 f4 24. Bxf4 Rb8 25. Qb4 b5 26. Bxd6 Qg5 27. f4 Qg4 28. Qd2 Rc8 29. Be2 Qg6 30. Rxd7 Qxe4 31. Bd3 Qd4+ 32. Kf1 Rc1+ 33. Ke2 Qf2# 0-1